Nursing Research& 21st Century (Record no. 1208427)

MARC details
000 -LEADER
fixed length control field 00401nam a2200169Ia 4500
008 - FIXED-LENGTH DATA ELEMENTS--GENERAL INFORMATION
fixed length control field 250129s2024 xx 000 0 und d
020 ## - INTERNATIONAL STANDARD BOOK NUMBER
International Standard Book Number 9789389261899
041 ## - LANGUAGE CODE
Language code of text/sound track or separate title eng
082 ## - DEWEY DECIMAL CLASSIFICATION NUMBER
Classification number 610.73074
100 ## - MAIN ENTRY--PERSONAL NAME
Personal name sukhpal Kaur
245 ## - TITLE STATEMENT
Title Nursing Research& 21st Century
250 ## - EDITION STATEMENT
Edition statement 2nd Ed
260 ## - PUBLICATION, DISTRIBUTION, ETC.
Place of publication, distribution, etc. Delhi
Name of publisher, distributor, etc. CBS PUB.
Date of publication, distribution, etc. 2024
300 ## - PHYSICAL DESCRIPTION
Extent 644P
650 ## - SUBJECT ADDED ENTRY--TOPICAL TERM
Topical term or geographic name entry element Nursing Research
700 ## - ADDED ENTRY--PERSONAL NAME
Personal name Singh
Holdings
Withdrawn status Lost status Damaged status Not for loan Home library Current library Date acquired Cost, normal purchase price Total Checkouts Full call number Barcode Date last seen Date last checked out Price effective from Koha item type
        College of Nursing, Navi Mumbai College of Nursing, Navi Mumbai 18/12/2024 750.00 1 610.73074/4348 NCM-N-4348 29/11/2025 15/09/2025 29/01/2025 Book